000 00311pab a2200145 454500
008 180718b1985 xxu||||| |||| 00| 0 eng d
100 _aJha, Markandeya
245 _aA long way to go
260 _c1985
300 _a12-14
362 _a16 July
650 _aBanks - India
773 _aYojana
909 _a4311
999 _c4311
_d4311